Normal view
MARC view
Entry Personal Name
001 - CONTROL NUMBER
- control field: 615
003 - CONTROL NUMBER IDENTIFIER
- control field: OSt
005 - DATE AND TIME OF LATEST TRANSACTION
- control field: 20110411103720.0
008 - FIXED-LENGTH DATA ELEMENTS
- fixed length control field: 110411|||a|||||| | ||| d
040 ## - CATALOGING SOURCE
- Original cataloging agency: OSt
- Transcribing agency: OSt
100 ## - HEADING--PERSONAL NAME
- Personal name: Kahn-Freund, Otto,
- Titles and other words associated with a name: Sir,
- Dates associated with a name: 1900-
670 ## - SOURCE DATA FOUND
- Source citation: Work cat.: (OSt)0: Kahn-Freund, Otto, Sir, 1900-, Labour and the law /, 1977.
